000 00392nam a2200145 i 4500
001 41016
003 ES-MaACL
007 t|
008 030307s1912 fr ||||1| fre d
100 1 _aCartault, A.
_935877
245 1 4 _aLes sentiments gevreuse /
_cpar A. Cartault.
260 _aParis :
_b[s.n.,
_c1912] (
_fEvreuse Ch. Herissey)
300 _a314 p. ;
_c22 cm.
852 _aES-MaACL
_jB-6234
999 _c41016
_d41016